Indian folklife : (Record no. 53697)
[ view plain ]
| 000 -LEADER | |
|---|---|
| fixed length control field | 01633nas a22004097a 4500 |
| 003 - CONTROL NUMBER IDENTIFIER | |
| control field | dpl |
| 005 - DATE AND TIME OF LATEST TRANSACTION | |
| control field | 20110711105133.0 |
| 006 - FIXED-LENGTH DATA ELEMENTS--ADDITIONAL MATERIAL CHARACTERISTICS--GENERAL INFORMATION | |
| fixed length control field | a|||||r|||||00| 0 |
| 007 - PHYSICAL DESCRIPTION FIXED FIELD--GENERAL INFORMATION | |
| fixed length control field | ta |
| 008 - FIXED-LENGTH DATA ELEMENTS--GENERAL INFORMATION | |
| fixed length control field | 010809c20009999ii qr p 0 0eng |
| 022 ## - INTERNATIONAL STANDARD SERIAL NUMBER | |
| International Standard Serial Number | 0972-6470 |
| 035 ## - SYSTEM CONTROL NUMBER | |
| System control number | (OCoLC)ocm47745400 |
| 037 ## - SOURCE OF ACQUISITION | |
| Source of stock number/acquisition | NFSC,#65, Fifth Cross St., Velachery, Chennai 600 042 |
| 040 ## - CATALOGING SOURCE | |
| Original cataloging agency | DLC |
| Transcribing agency | DLC |
| Modifying agency | NN |
| -- | DLC |
| -- | InU |
| 042 ## - AUTHENTICATION CODE | |
| Authentication code | lc |
| 043 ## - GEOGRAPHIC AREA CODE | |
| Geographic area code | a-ii--- |
| 050 00 - LIBRARY OF CONGRESS CALL NUMBER | |
| Classification number | GR305 |
| Item number | .I48 |
| 245 00 - TITLE STATEMENT | |
| Title | Indian folklife : |
| Remainder of title | a quarterly newsletter from National Folklore Support Centre. |
| 260 ## - PUBLICATION, DISTRIBUTION, ETC. (IMPRINT) | |
| Place of publication, distribution, etc | Chennai : |
| Name of publisher, distributor, etc | National Folklore Support Centre |
| 270 ## - ADDRESS | |
| Address | #508, V Floor, Kaveri Complex, 96, Mahatma Gandhi Road, Nungambakkam |
| City | Chennai |
| Postal code | 600034 |
| Fax number | 28223192, 42138410 |
| 300 ## - PHYSICAL DESCRIPTION | |
| Extent | v. : |
| Other physical details | ill. ; |
| Dimensions | 30 cm. |
| 310 ## - CURRENT PUBLICATION FREQUENCY | |
| Current publication frequency | Quarterly |
| 362 1# - DATES OF PUBLICATION AND/OR SEQUENTIAL DESIGNATION | |
| Dates of publication and/or sequential designation | Began in 2000. |
| 500 ## - GENERAL NOTE | |
| General note | Description based on: Vol. 1, issue 3 (Oct. 2000); title from cover. |
| 500 ## - GENERAL NOTE | |
| General note | Latest issue consulted: July 2001. |
| 515 ## - NUMBERING PECULIARITIES NOTE | |
| Numbering peculiarities note | Published out of chronological order; issue for July 2001 is called vol. 1, issue 1. |
| 530 ## - ADDITIONAL PHYSICAL FORM AVAILABLE NOTE | |
| Additional physical form available note | Also issued online. |
| 610 20 - SUBJECT ADDED ENTRY--CORPORATE NAME | |
| Corporate name or jurisdiction name as entry element | National Folklore Support Centre (India) |
| Form subdivision | Periodicals. |
| 9 (RLIN) | 29369 |
| 650 #0 - SUBJECT ADDED ENTRY--TOPICAL TERM | |
| Topical term or geographic name as entry element | Folklore |
| Geographic subdivision | India |
| Form subdivision | Periodicals. |
| 9 (RLIN) | 29370 |
| 651 #0 - SUBJECT ADDED ENTRY--GEOGRAPHIC NAME | |
| Geographic name | India |
| General subdivision | Social life and customs |
| Form subdivision | Periodicals. |
| 9 (RLIN) | 29371 |
| 710 2# - ADDED ENTRY--CORPORATE NAME | |
| Corporate name or jurisdiction name as entry element | National Folklore Support Centre (India) |
| 9 (RLIN) | 29372 |
| 906 ## - LOCAL DATA ELEMENT F, LDF (RLIN) | |
| a | 7 |
| b | cbc |
| c | serials |
| d | 3 |
| e | ncip |
| f | 20 |
| g | n-oclcserc |
| 942 ## - ADDED ENTRY ELEMENTS (KOHA) | |
| Source of classification or shelving scheme | Dewey Decimal Classification |
| Koha item type | Periodicals |
| Serial record | 1 |
| Withdrawn status | Lost status | Source of classification or shelving scheme | Damaged status | Not for loan | Home library | Current library | Date acquired | Total Checkouts | Date last seen | Price effective from | Koha item type |
|---|---|---|---|---|---|---|---|---|---|---|---|
| Dewey Decimal Classification | Not For Loan | D.B.Act.Division | D.B.Act.Division | 11/07/2011 | 11/07/2011 | 11/07/2011 | Periodicals |
